Robust statistics /
Guardado en:
| Autor Principal: | |
|---|---|
| Formato: | Libro |
| Idioma: | English |
| Publicado: |
New York :
Wiley,
c1981.
|
| Series: | Wiley series in probability and mathematical statistics
|
| Materias: | |
| Acceso en línea: | Descripción Tabla de contenido Biografía del autor |
| Etiquetas: |
Agregar Etiqueta
Sin Etiquetas, Sea el primero en etiquetar este registro!
|
| LEADER | 01006pam a22002655a 4500 | ||
|---|---|---|---|
| 001 | EIQ.libpla002876 | ||
| 008 | 800618s1981####nyua#####b####001#0#eng#d | ||
| 005 | 20070906174433.0 | ||
| 245 | 1 | 0 | |a Robust statistics / |c Peter J. Huber. |
| 260 | |a New York : |b Wiley, |c c1981. | ||
| 300 | |a ix, 308 p. : |b il. ; |c 24 cm. | ||
| 440 | 0 | |a Wiley series in probability and mathematical statistics | |
| 504 | |a Bibliografía: p. 294-300. | ||
| 500 | |a Incluye índice. | ||
| 020 | |a 0471418056 | ||
| 100 | 1 | |a Huber, Peter J. | |
| 082 | 0 | 0 | |a 519.5 |
| 650 | 4 | |a Matemática |x Estadística robusta. | |
| 650 | 4 | |a Mathematical |x Robust statistics. | |
| 010 | |a 80018627 | ||
| 040 | |a DLC |c DLC |d AR-BbSID | ||
| 856 | 4 | 2 | |3 Descripción |u http://www.loc.gov/catdir/description/wiley031/80018627.html |
| 856 | 4 | |3 Tabla de contenido |u http://www.loc.gov/catdir/toc/onix01/80018627.html | |
| 856 | 4 | 2 | |3 Biografía del autor |u http://www.loc.gov/catdir/enhancements/fy0705/80018627-b.html |
| 859 | |a AR-BbSID |b BIB. PLAPIQUI |h 519.5 |i H 1 |p 4826 | ||
